[Event "Lazy op 9th"]
[Site "Lazy"]
[Date "2013.07.03"]
[Round "4"]
[White "Januszkiewicz, Wojciech"]
[Black "Eggink, Mateusz"]
[Result "0-1"]
[WhiteElo "1830"]
[BlackElo "2044"]
[PlyCount "78"]
[EventDate "2013.06.30"]
[EventType "swiss"]
[EventRounds "9"]
[EventCountry "POL"]
[SourceTitle "CBM 155 Extra"]
[Source "ChessBase"]
[SourceDate "2013.08.26"]
[SourceVersion "1"]
[SourceVersionDate "2013.08.26"]
[SourceQuality "1"]

1. e4 c5 2. Nf3 d6 3. d4 cxd4 4. Nxd4 Nf6 5. Nc3 a6 6. Bg5 e6 7. f4 h6 8. Bh4 Qb6 9. Qd2 Qxb2 10. Rb1 Qa3 11. Be2 Nbd7 12. 0-0 Be7 13. Kh1 Qc5 14. Bf2 Qc7 15. Bf3 Rb8 16. Rfe1 Nc5 17. e5 dxe5 18. fxe5 Nh7 19. Ne4 Nxe4 20. Rxe4 Ng5 21. Rg4 Bd7 22. Be2 f5 23. exf6 Bxf6 24. Bd3 0-0 25. Bg3 e5 26. Nf5 Rbd8 27. Qe2 Qa5 28. h4 e4 29. Bc4+ Kh8 30. Nxh6 gxh6 31. Rxg5 hxg5 32. Qh5+ Kg7 33. Bd6 Bc6 34. Bxf8+ Rxf8 35. Be6 Qe5 36. Qg4 Qf4 37. Qd1 Be5 38. Rxb7+ Bxb7 39. Qd7+ Kh8 0-1